Complete the Movie Title #7 - Statistics

General Stats
  • This quiz has been taken 112 times
  • The average score is 10 of 15
Answer Stats
Year Movie % Correct
2009 Sherlock {Holmes}
98%
2006 The Da Vinci {Code}
91%
2006 The Devil Wears {Prada}
85%
2006 Night at the {Museum}
81%
2009 Cloudy with a Chance of {Meatballs}
78%
2006 Casino {Royale}
74%
2006 Little Miss {Sunshine}
73%
2009 Inglourious {Basterds}
70%
2006 Pirates of the Caribbean: Dead Man’s {Chest}
60%
2009 Jennifer’s {Body}
52%
2006 Pan’s {Labyrinth}
51%
2006 The Pursuit of {Happyness}
45%
2006 X-Men: The Last {Stand}
37%
2006 Children of {Men}
32%
2009 Transformers: Revenge of the {Fallen}
29%
No matching quizzes found
Score Distribution
Percent of People with Each Score
Percentile by Number Answered
Your Score History
You have not taken this quiz